Statistics for Samoa First Level Subdivisions

Click here to take the quiz!

General Stats

  • This quiz has been taken 11 times
  • The average score is 6 of 11

Answer Stats

Itūmālō% Correct
A'ana
100%
Atua
67%
Gaga'emauga
67%
Gaga'ifomauga
67%
Palauli
67%
Va'a-o-Fonoti
67%
Aiga-i-le-Tai
33%
Fa'asaleleaga
33%
Satupa'itea
33%
Tuamasaga
33%
Vaisigano
33%

Score Distribution

Percentile by Number Answered

Percent of People with Each Score

Your Score History

You have not taken this quiz